Quizzes
Events
Quiz Creation
Community
Videos
Private Events
Remove Ads
Sign In
Join for FREE
Feedback
Dark Mode
Quiz Categories
Sports
Geography
Music
Movies
Television
Just For Fun
Miscellaneous
History
Literature
Language
Science
Gaming
Entertainment
Religion
Holiday
For Kids
Quiz Lab
Recent
Popular Today
Quiz Kudos Today
Editor Picks
Curator Picks
Quizzes by...
Day
Popularity
Type
Ratings
Length
Year
Community
Subscriptions
Recent Discussions
Orange Saloon
Badges
Playlists
Quests
Create
Leaderboards
Showdown
Live 5
Trivia Bingo
Activity
Puzzle Library
Sporcle Events
Private Events
Virtual Trivia
Globe League
Become a Host
Pub Owners
SporcleCon
Opinionation
Our Games
Videos
Blog
Mobile Apps
Partnerships
Remove Ads and Go Orange
Feedback
Sports
Athletes
MLB
NBA
NHL
NFL
Soccer
Sports Teams
WWE
NCAA
Football
Premier League
Basketball
Baseball
Hockey
Golf
Tennis
Cricket
Rugby
Auto Racing
Olympics
World Cup
Sports
Athletes
MLB
NBA
NHL
NFL
Soccer
Sports Teams
WWE
NCAA
Football
Premier League
Basketball
Baseball
Hockey
Golf
Tennis
Cricket
Rugby
Auto Racing
Olympics
World Cup
Random Quiz
Search Sporcle
×
Quiz Lab
Quiz Lab
Sports
Football
Type in answers that appear in a list
Type in answers that appear in a list
Classic
Best Score? Go Orange.
UEFA EURO Players: All-Star Teams Stats
Can you name the players, who were chosen to UEFA EURO All-Star Teams?
By
adrian10
20m
210 Questions
356 Plays
356 Plays
356 Plays
Comments
Comments
Give Quiz Kudos
Give Quiz Kudos
-
- Ratings
hide this ad
Replay
Link that replays current quiz
Next Quiz
Link to next quiz in quiz playlist
You Got
0%
They Got
Avg Score
52%
Avg Friend Score
Upgrade to see
Score Distribution
Jump to the score distribution portion of the page
Score
0/210
Timer
20:00
0
Plays Today
Year
Player
% Correct
2004
Cristiano Ronaldo
92.9%
2012
Cristiano Ronaldo
92.9%
2008
Gianluigi Buffon
92.4%
2008
Iker Casillas
92.4%
2012
Gianluigi Buffon
92.4%
2012
Iker Casillas
92.4%
2008
Xavi
92.1%
2012
Xavi
92.1%
2008
Andrés Iniesta
91.5%
2012
Andrés Iniesta
91.5%
2000
Zinedine Zidane
91.2%
2004
Zinedine Zidane
91.2%
2012
Zlatan Ibrahimović
91%
2008
Fernando Torres
89.8%
2008
David Villa
89%
1988
Paolo Maldini
88.1%
1996
Paolo Maldini
88.1%
2000
Paolo Maldini
88.1%
2008
Philipp Lahm
87.6%
2012
Philipp Lahm
87.6%
1972
Gerd Müller
86.7%
1976
Dieter Müller
86.7%
1980
Hansi Müller
86.7%
2012
Gerard Piqué
86.7%
2008
Carles Puyol
86.2%
2000
Luís Figo
85.9%
2004
Luís Figo
85.9%
2012
Andrea Pirlo
85.6%
2000
Thierry Henry
84.5%
1988
Marco van Basten
83.9%
1992
Marco van Basten
83.9%
2012
Sergio Ramos
83.6%
2012
Steven Gerrard
83.3%
2012
Manuel Neuer
82.8%
1996
Rui Costa
81.9%
2000
Rui Costa
81.9%
2008
Edwin van der Sar
81.9%
2004
Frank Lampard
81.6%
1996
Davor Šuker
81.4%
2008
Pepe
81.1%
2012
Pepe
81.1%
2004
Petr Čech
80.8%
2012
Mario Balotelli
80.5%
1984
Michel Platini
80.2%
2012
Sergio Busquets
80.2%
2004
Michael Ballack
79.9%
2004
Pavel Nedvěd
79.9%
2008
Michael Ballack
79.9%
2008
Andrei Arshavin
79.7%
2000
Fabien Barthez
79.4%
2000
Lilian Thuram
79.4%
2000
Fabio Cannavaro
79.1%
2008
Cesc Fàbregas
78.8%
2012
Cesc Fàbregas
78.8%
2000
Alessandro Nesta
78.5%
1996
Marcel Desailly
78.2%
2000
Marcel Desailly
78.2%
1992
Laurent Blanc
78%
1996
Laurent Blanc
78%
2000
Laurent Blanc
78%
2012
Daniele de Rossi
78%
2012
Xabi Alonso
77.7%
1988
Ruud Gullit
77.4%
1992
Ruud Gullit
77.4%
2004
Ruud van Nistelrooy
77.1%
2004
Milan Baroš
76.8%
1960
Lev Yashin
76%
1964
Lev Yashin
76%
2004
Ricardo Carvalho
75.7%
2000
Patrick Kluivert
75.4%
Year
Player
% Correct
2008
Wesley Sneijder
75.4%
2000
Francesco Totti
74.9%
2012
Jordi Alba
74.9%
2004
Henrik Larsson
74.6%
2012
David Silva
74.3%
1992
Brian Laudrup
72.6%
2000
Patrick Vieira
72.6%
1988
Lothar Matthäus
72.3%
2000
Frank de Boer
72.3%
2004
Deco
72.3%
1996
Jürgen Klinsmann
71.5%
1996
Alan Shearer
71.2%
2012
Mesut Özil
70.9%
2004
Ashley Cole
70.6%
2000
Francesco Toldo
70.3%
1992
Peter Schmeichel
69.8%
1988
Frank Rijkaard
69.2%
1996
David Seaman
69.2%
2008
Luka Modrić
69.2%
1992
Dennis Bergkamp
68.4%
1996
Didier Deschamps
68.1%
1972
Franz Beckenbauer
67.5%
1976
Franz Beckenbauer
67.5%
1968
Dino Zoff
66.7%
1980
Dino Zoff
66.7%
2000
Edgar Davids
66.1%
2008
Lukas Podolski
65.8%
2004
Angelos Charisteas
65%
2012
Sami Khedira
65%
1996
Hristo Stoichkov
64.1%
2000
Nuno Gomes
62.7%
2004
Maniche
61.6%
2008
Marcos Senna
61%
1996
Matthias Sammer
59.9%
1996
Karel Poborský
59.6%
2004
Gianluca Zambrotta
59.3%
2004
Jon Dahl Tomasson
59.3%
1980
Karl-Heinz Rummenigge
56.2%
1988
Ronald Koeman
56.2%
2012
Fábio Coentrão
55.9%
1984
Rudi Völler
55.4%
2004
Antonis Nikopolidis
53.7%
1984
Andreas Brehme
52.3%
1992
Andreas Brehme
52.3%
1984
Jean Tigana
52%
1996
Youri Djorkaeff
49.7%
2004
Theodoros Zagorakis
49.7%
1964
Flórián Albert
48%
2000
Savo Milošević
46.3%
1984
Harald Schumacher
45.5%
1992
Jürgen Kohler
44.9%
1992
Thomas Häßler
44.4%
1968
Bobby Moore
43.5%
1972
Paul Breitner
43.2%
2008
Carlos Marchena
42.7%
2008
Yuri Zhirkov
42.7%
1996
Zvonimir Boban
41.8%
2008
Roman Pavlyuchenko
41.8%
2000
Josep Guardiola
41.5%
2004
Olof Mellberg
41.5%
1976
Antonín Panenka
40.7%
1984
Alain Giresse
40.7%
2008
José Bosingwa
39%
1968
Luigi Riva
38.1%
1988
Hans van Breukelen
37.9%
1988
Gianluca Vialli
37.6%
1964
Luis Suárez
36.7%
2000
Demetrio Albertini
36.4%
1996
Steve McManaman
33.3%
1988
Giuseppe Bergomi
33.1%
Year
Player
% Correct
1968
Geoff Hurst
32.8%
1980
Gaetano Scirea
32.5%
2004
John Heitinga
31.6%
2004
Dado Pršo
30.8%
1996
Andreas Köpke
29.9%
1972
Uli Hoeneß
29.4%
1980
Marco Tardelli
29.4%
1984
Morten Olsen
29.4%
1972
Günter Netzer
28.5%
1992
Jocelyn Angloma
28%
1960
Josef Masopust
27.7%
1996
Pavel Kuka
27.7%
1980
Jan Ceulemans
27.1%
1976
Ruud Krol
26.6%
1980
Claudio Gentile
26.6%
1980
Bernd Schuster
25.1%
2004
Giourkas Seitaridis
24.9%
1968
Giacinto Facchetti
24.3%
2004
Jorge Andrade
24.3%
1968
Sandro Mazzola
23.7%
1980
Horst Hrubesch
23.4%
2008
Hamit Altıntop
23.2%
1980
Karlheinz Förster
22.3%
1984
João Pinto
22.3%
1984
Karlheinz Förster
22.3%
1988
Jan Wouters
22%
1972
Jupp Heynckes
20.1%
1968
Dragan Džajić
19.2%
1976
Dragan Džajić
19.2%
1996
Dieter Eilts
18.9%
2000
Raúl
18.6%
1960
Valentin Ivanov
18.1%
1964
Valentin Ivanov
18.1%
1976
Ivo Viktor
17.8%
1980
Hans-Peter Briegel
17.2%
1976
Rainer Bonhof
15.5%
1984
Fernando Chalana
15.5%
1988
Giuseppe Giannini
15.5%
1972
Raoul Lambert
15.3%
1984
Frank Arnesen
14.7%
1964
Amancio Amaro
14.4%
1960
Igor Netto
12.1%
2008
Konstantin Zyryanov
12.1%
1996
Radoslav Latal
10.2%
1964
Ferenc Bene
9.6%
1976
Zdeněk Nehoda
9.6%
1968
Angelo Domenghini
9%
1992
Stuart McCall
8.5%
1960
Dragoslav Šekularac
7.3%
1972
Herbert Wimmer
7.3%
1976
Anton Ondruš
7.3%
1960
Slava Metreveli
6.8%
1960
Milan Galić
6.2%
1964
Jesús Pereda
5.6%
1972
Evgeny Rudakov
5.6%
1968
Albert Shesternev
4%
1960
Ladislav Novák
3.4%
1964
Dezső Novák
3.4%
1960
Bora Kostić
2.8%
1960
Viktor Ponedielnik
2.5%
1972
Murtaz Khurtsilava
2.5%
1964
Ignacio Zoco
2.3%
1960
Vladimir Durković
1.7%
1964
Ferran Olivella
1.7%
1968
Ivica Osim
1.7%
1972
Revaz Dzodzuashvili
1.7%
1976
Ján Pivarník
1.4%
1964
Feliciano Rivilla
1.1%
1968
Mirsad Fazlagić
1.1%
1976
Jaroslav Pollák
1.1%
Quiz Playlist
Details
Report
Send in Message
Add To Playlist
Classic:
Type in answers that appear in a list
Last Updated: Feb 16, 2017
Quiz Scoreboard
CHALLENGE
Sign Up to Join the Scoreboard
Show All
Scores
Hide
Comments
May contain spoilers
Recently Published
Billboard Blitz: Fleetwood Mac
by CooCooCachoo
Music
15s
Presidents Visiting Landmarks
by Hejman
History
7m
An Introduction to Baseball
by treessimontrees
Sports
5m
More to Explore
Quiz From the Vault
Featured Blog Post
Where Did the Easter Bunny Come From?
hide this ad
You Might Also Like...
Tags
Football Quiz
Soccer Quiz
Euro 2000
Euro 2008
Euro 2012
Euro 96
Football Award
Football Champions
Football Championships
Footballer
UEFA
UEFA Euro
Today's Top Quizzes in Sports
Browse Sports
hide this ad
Today's Top Quizzes in Football
Browse Football
Top Contributed Quizzes in Sports
1
Les meilleurs buteurs des matchs entre le PSG et l’OM
2
2022 World Cup Stars
3
FIFA Club World Cup Champions
4
Les entraîneurs de l'OM et du PSG au 21e siècle
5
Criteria MLB: Left Handed Sluggers
6
AFC Teams Reveal (Wrong Answers Minefield)
7
5-to-1: UK Sports Teams
8
Name the Premier League winners with different clubs
9
5-to-1: FBS Animal Nicknames
10
Players with Multiple 50 Home Run Seasons
Explore More
Trending Topics
Anime
Kpop
Harry Potter
Crossword
Disney
NBA
Marvel
The Office
Puzzle
Country
Soccer
NFL
Pokémon
Song
WWE
hide this ad
More By:
adrian10
Quiz
Plays
Rating
Category
Featured
Created
Champions League Goalscorers: Liverpool
7,918
4.81
Sports
Jan 2, 2013
Champions League Goalscorers: Manchester United
7,551
4.82
Sports
Dec 18, 2012
FIFA World Cup and UEFA Champions League winners
7,269
4.55
Sports
Jun 25, 2011
Champions League Goalscorers: FC Barcelona
6,838
4.93
Sports
Dec 17, 2012
Champions League Goalscorers: AC Milan
6,629
4.55
Sports
Dec 20, 2012
Go to Creator's Profile
Score Distribution
Quiz Creator Spotlight
adrian10
Follow
Send a Message
Quizzes Created
-
Created Quiz Play Count
-
More By This Creator
Popular Quizzes Today
1
Find the US States - No Outlines Minefield
2
Find the Countries of Europe - No Outlines Minefield
3
The Countries of the World
4
Find the US States
5
Risky Map Clicking: Biggest States A-Z
6
US States
7
Popular People in 1961
8
Movies - When Are They Set?
More Sports Quizzes
Win The Premier League: 2007–08
Quiz Lab
Trending Quizzes
Risky Map Clicking: Least Populous States A-Z
1-10 Letter G Words
1-10 Letter F Words
Risky Map Clicking: Next State Alphabetically
Click the Washington State Counties! (Map)
Recently Updated
Leaping Animals
pecheneg
Reality TV Shows (A-Z)
bhenderson79
Rickey Henderson's Hall of Fame Teammates
pecheneg
Champions League XIs: Arsenal
pecheneg
Quick Pick: Celebrities in WWE's Hall of Fame
aduchscher
A-Z Keypad Blitz II
pecheneg
Multiple Oscar Actors
pecheneg
Mystery Phrase Blitz: Oscar 'Best Actors'
pecheneg
F. Scott Fitzgerald Novels
LTH
Pick 3 Villains
ddd62291
Trending Topics
Marvel
Crossword
Disney
Harry Potter
NBA
Anime
Kpop
NFL
Pokémon
WWE
Song
Country
Soccer
The Office
Puzzle
Your Account Isn't Verified!
In order to create a playlist on Sporcle, you need to verify the email address you used during registration. Go to your
Sporcle Settings
to finish the process.
Report this User
Report this user for behavior that violates our
Community Guidelines
.
Details:
Send Report
Go to the Sporcle.com Mobile Site →
Comments